000 04186nab a2200301 i 4500
003 BR-BrBNA
005 20240311121212.0
008 240311b2011 bl.qr|p|oa||| 00| 0 por |
040 _aBR-BrBNA
_bpor
072 _aF04
072 _aF60
100 _aSantos, R.F.
100 _aLima, L.
100 _aAltivo, F.S.
100 _aLalla, J.G.
100 _aMing, L.C.
245 _aProdução de fitomassa, teor e produtividade do óleo essencial de Baccharis dracunculifolia DC. em função da adubação orgânica
500 _aPublicação on-line; 34 ref.; 1 table; 4 illus.; Summaries (En, Pt)
520 _a RESUMO: Objetivou-se avaliar a produção de fitomassa, teor e produtividade do óleo essencial de Baccharis dracuculifolia DC., em função de doses de adubo orgânico, e foram utilizadas mudas produzidas por semente, e mantidas sob sombrite pelo período de 84 dias até serem transplantadas para o campo, no espaçamento de 1,0 x 1,0 m, com irrigação por gotejamento. O delineamento estatístico utilizado foi em blocos ao acaso, com quatro repetições, e as doses de composto orgânico foram: 0, 10, 20, 30, 40 e 50 t ha-1. Foi realizada uma colheita, aos 150 dias após o transplante das mudas. O óleo essencial foi extraído por hidrodestilação e analisado em cromatógrafo a gás acoplado a espectrômetro de massas (Shimadzu, QP-5000). Todos os resultados foram submetidos à análise de variância pelo teste F seguido da análise de regressão e o teste Tukey para os dados: massa seca útil da parte aérea, teor e produtividade do óleo essencial. Para as variáveis massa seca total e massa seca útil da parte aérea, as dosagens estudadas influenciaram as plantas, que apresentaram os melhores resultados na dose 50 t ha1 . Para teor de óleo não houve influência significativa para as dosagens estudadas, porém a dose 30 t ha-1 apresentou o melhor resultado. Entretanto para a produtividade do óleo essencial, as dosagens estudadas influenciaram as plantas, que na dosagem 30 t ha-1 obtiveram os melhores resultados. Palavras-chave: Alecrim-do-campo, composto orgânico, plantas medicinais.
520 _a ABSTRACT: Phytomass production, content, and productivity of essential oil of Baccharis dracunculifolia DC. as affected by organic compound. The objective was to evaluate the characteristics of the Baccharis dracunculifolia DC., depending on levels of organic fertilizer, and seedlings were used B. dracunculifolia produced by seed, and kept under shade for a period of 84 days before being transplanted to the field, spaced 1.0 x 1.0 m, with drip irrigation. The experimental design was randomized blocks with four replications, and doses of organic compost, 0, 10, 20, 30, 40 and 50 t ha-1. We performed a harvest, 150 days after transplanting. The essential oil was extracted by hydrodistillation and analyzed by gas chromatography coupled to mass spectrometer (Shimadzu, QP-5000). All results were submitted to analysis of variance F test followed by regression analysis and Tukey test for the data: useful dry mass of shoots, content of essential and productivity of essential oil. For the variables total dry mass and dry mass of shoots useful, the doses studied influenced the plants, which showed the best results at a dose 50 t ha-1. For content of essential oil no significant influence was verified on the doses studied, but the dose 30 t ha -1 showed the best result. However the productivity of the essential oil, the doses studied influenced the plants, which in dose 30 t ha-1 obtained the best results. Key words: Alecrim-do-campo, organic compound, medicinal plants
650 _aALECRIM
650 _aCOMPOSTO ORGÂNICO
650 _aPLANTA MEDICINAL
773 0 _03543
_9313813
_dBotucatu-SP Instituto de Biociências - Departamento de Química e Bioquímica 1998
_o2024-0080
_tRevista Brasileira de Plantas Medicinais (Brazil)
_x1516-0572
_gv. 13 (special number) p. 574-581; (2011)
_wBR2024000134
856 _uhttps://www.scielo.br/j/rbpm/a/B6P9FnKCBzFFstP99PNszdQ/?format=pdf&lang=pt
942 _cAnalítica
999 _c298732
_d298732